书目信息 |
| 题名: |
医学生物学电子显微镜图谱
|
|
| 作者: | 本书组编 | |
| 分册: | ||
| 出版信息: | 北京 科学出版社 1978.06 |
|
| 页数: | 162页 | |
| 开本: | 26cm | |
| 丛书名: | ||
| 单 册: | ||
| 中图分类: | R446.5 | |
| 科图分类: | ||
| 主题词: | 诊断学 | |
| 电子资源: | ||
| ISBN: | ||
| 000 | 00557nam0 2200193 450 | |
| 001 | 0831504985 | |
| 005 | 20081119085428.08 | |
| 010 | @dCNY3.40 | |
| 091 | @a13031.712 | |
| 100 | @a20081119d1978 km y0chiy0120 ea | |
| 101 | 0 | @achi |
| 102 | @aCN@b110000 | |
| 200 | 1 | @a医学生物学电子显微镜图谱@Ayi xue sheng wu xue dian zi xian wei jing tu pu@f本书组编@Fben shu zu bian |
| 210 | @a北京@c科学出版社@d1978.06 | |
| 215 | @a162页@d26cm | |
| 606 | 0 | @a诊断学 |
| 690 | @aR446.5@v4 | |
| 801 | 0 | @aCN@b大连网信软件有限公司图书馆·11@c20081119 |
| 905 | @aBZT@dR446.5@e2 | |
| 医学生物学电子显微镜图谱/本书组编.-北京:科学出版社,1978.06 |
| 162页;26cm |
| ISBN :CNY3.40 |
| ● |
| 相关链接 |
|
|
|
正题名:医学生物学电子显微镜图谱
索取号:R446.5/2
 
预约/预借
| 序号 | 登录号 | 条形码 | 馆藏地/架位号 | 状态 | 备注 |
| 1 | 00001 | 200375815 | 中心书库中库/ 中库008架A面1列3层52/ [索取号:R446.5/2] | 在馆 | |
| 2 | 00002 | 201212240 | 中心书库中库/ 中库008架A面1列3层51/ [索取号:R446.5/2] | 在馆 | |
| 3 | 00003 | 201212259 | 中心书库中库/ 中库005架B面1列5层7/ [索取号:R446.5/2] | 在馆 | |
| 4 | 00004 | 201212222 | 中心书库中库/ 中库008架A面1列3层53/ [索取号:R446.5/2] | 在馆 |